Zpět ke hvězdám : Argumenty pro nemožné /

Gespeichert in:
Bibliographische Detailangaben
1. Verfasser: Däniken, Erich, von (Verfasst von)
Format: Buch
Sprache:Tschechisch
Veröffentlicht: Liberec : Dialog, 1992
Ausgabe:1.vyd.
Schlagworte:
Tags: Tag hinzufügen
Keine Tags, Fügen Sie das erste Tag hinzu!

MARC

LEADER 00000nam a22000003a 4500
001 stu2033
005 20150617225619.4
008 920622s1992----cs------------------cze-d
020 |a 80-85194-47-3 
040 |a STU  |b slo 
041 0 |a cze 
044 |a cs 
080 |a 930.9 
080 |a 001.94  |7 stu_us_auth*stu7821 
100 1 |a Däniken, Erich, von  |4 aut 
245 1 |a Zpět ke hvězdám :  |b Argumenty pro nemožné /  |c [aut.] Däniken,Erich, von 
250 |a 1.vyd. 
260 |a Liberec :  |b Dialog,  |c 1992 
300 |a 165 s 
650 7 |a svetové dejiny  |2 stusub 
650 7 |a popularizácia vedy  |2 stusub 
996 |b E76590  |c R*76590  |l RRUM  |s A  |a 24  |w stu2033_0001